BIOCHEMISTRY (Record no. 23231)
[ view plain ]
| 000 -LEADER | |
|---|---|
| fixed length control field | 00364nam a22001697a 4500 |
| 003 - CONTROL NUMBER IDENTIFIER | |
| control field | SGT |
| 020 ## - INTERNATIONAL STANDARD BOOK NUMBER | |
| International Standard Book Number | 9788131264355 |
| 082 ## - DEWEY DECIMAL CLASSIFICATION NUMBER | |
| Classification number | 612.015 |
| Item number | B21S |
| 100 ## - MAIN ENTRY--PERSONAL NAME | |
| Personal name | SATYANARAYANA, U. |
| 245 ## - TITLE STATEMENT | |
| Title | BIOCHEMISTRY |
| 250 ## - EDITION STATEMENT | |
| Edition statement | 6TH |
| 260 ## - PUBLICATION, DISTRIBUTION, ETC. (IMPRINT) | |
| Place of publication, distribution, etc | INDIA |
| Name of publisher, distributor, etc | ELSEVIER PUB |
| Year of Publication | 2021 |
| 300 ## - PAGE DESCRIPTION | |
| No. of Pages | 777 |
| 650 ## - SUBJECT ADDED ENTRY--TOPICAL TERM | |
| Topical term or geographic name as entry element | BIOCHEMISTRY |
| 653 ## - KEYWORDS--INDEX TERM | |
| Keyword term | BIOCHEMISTRY |
| 942 ## - ADDED ENTRY ELEMENTS (KOHA) | |
| Source of classification or shelving scheme | Dewey Decimal Classification |
| Koha item type | Books |
| 942 ## - ADDED ENTRY ELEMENTS (KOHA) | |
| -- | 209 |
| Withdrawn status | Lost status | Source of classification or shelving scheme | Damaged status | Not for loan | Collection code | Home library | Current library | Shelving location | Date acquired | Vendor Name | Cost, normal purchase price | SGTU | Bill Number | Total Checkouts | Full call number | Accession No. (Barcode) | Checked out | Date last seen | Date last borrowed | Bill Date | Koha item type | Total Renewals |
|---|---|---|---|---|---|---|---|---|---|---|---|---|---|---|---|---|---|---|---|---|---|---|
| Dewey Decimal Classification | MEDICAL | SGT Medical Library | SGT Medical Library | Text Book | 02/09/2022 | ABC DELHI | 1595.00 | SGTU | 14699 | 64 | 612.015 B21S | FM13071 | 10/06/2026 | 27/05/2026 | 27/05/2026 | 30/06/2022 | Books | |||||
| Dewey Decimal Classification | MEDICAL | SGT Medical Library | SGT Medical Library | Text Book | 02/09/2022 | ABC DELHI | 1595.00 | SGTU | 14699 | 71 | 612.015 B21S | FM13072 | 05/06/2026 | 28/05/2026 | 30/06/2022 | Books | 2 | |||||
| Dewey Decimal Classification | MEDICAL | SGT Medical Library | SGT Medical Library | Text Book | 02/09/2022 | ABC DELHI | 1595.00 | SGTU | 14699 | 44 | 612.015 B21S | FM13073 | 17/06/2026 | 03/06/2026 | 03/06/2026 | 30/06/2022 | Books | |||||
| Dewey Decimal Classification | MEDICAL | SGT Medical Library | SGT Medical Library | Text Book | 02/09/2022 | ABC DELHI | 1595.00 | SGTU | 14699 | 42 | 612.015 B21S | FM13074 | 30/05/2026 | 30/04/2026 | 30/06/2022 | Books | ||||||
| Dewey Decimal Classification | MEDICAL | SGT Medical Library | SGT Medical Library | Text Book | 02/09/2022 | ABC DELHI | 1595.00 | SGTU | 14699 | 63 | 612.015 B21S | FM13075 | 17/06/2026 | 03/06/2026 | 03/06/2026 | 30/06/2022 | Books | 1 |